| Tag |
First Indicator |
Second Indicator |
Subfields |
| LEADER |
00000cam a2200000Ii 4500 |
| 001 |
in00004073021 |
| 005 |
20191021080141.0 |
| 008 |
190730s1797 fr af 000 0 fre d |
| 035 |
|
|
|a (OCoLC)on1110652505
|
| 035 |
|
|
|a (OCoLC)1110652505
|
| 040 |
|
|
|a TXA
|b eng
|e rda
|c TXA
|d UtOrBLW
|
| 043 |
|
|
|a e-fr---
|
| 049 |
|
|
|a TXAM
|
| 090 |
|
|
|a AE25
|b .E5 t.10:plates
|
| 245 |
0 |
0 |
|a Tableau encyclopédique et méthodique des trois règnes de la nature.
|p Quadrupèdes.
|
| 246 |
3 |
0 |
|a Quadrupèdes
|
| 246 |
1 |
|
|i Spine title:
|a Encyclopédie:
|b Histoire Naturelle
|
| 246 |
1 |
|
|i Spine title:
|a Histoire Naturelle
|
| 246 |
1 |
|
|i Spine title:
|a Mammologie
|
| 246 |
1 |
|
|i Spine title:
|a Planches des Quadrupèdes
|
| 246 |
1 |
|
|i Running title:
|a Histoire Naturelle, Quadrupèdes
|
| 264 |
|
1 |
|a [A París] :
|b [chez Henri Agasse?],
|c [1797?]
|
| 300 |
|
|
|a 112 (5 double), 14 suppl. plates (overal 121 leaves of plates) :
|b chiefly illustrated ;
|c 30 cm
|
| 336 |
|
|
|a text
|b txt
|2 rdacontent
|
| 336 |
|
|
|a still image
|b sti
|2 rdacontent
|
| 337 |
|
|
|a unmediated
|b n
|2 rdamedia
|
| 338 |
|
|
|a volume
|b nc
|2 rdacarrier
|
| 500 |
|
|
|a Title page is missing. Title from preliminary pages and from running title on plates.
|
| 500 |
|
|
|a Plates numbered correlatively, at the top right, some carry another numbering at the bottom. 14 supplemental plates have prefix "suppl."
|
| 500 |
|
|
|a The Cushing Library/Rare Books copy contains an ink reproduction of the spine.
|
| 500 |
|
|
|a Engraver's signature under each plate: Benard direxit.
|
| 650 |
|
0 |
|a Mammals
|v Pictorial works.
|0 http://id.loc.gov/authorities/subjects/sh2010100365
|
| 650 |
|
0 |
|a Mammals
|v Dictionaries.
|
| 650 |
|
0 |
|a Picture dictionaries, French.
|0 http://id.loc.gov/authorities/subjects/sh85101994
|
| 650 |
|
0 |
|a Mammals
|v Early works to 1800.
|
| 650 |
|
0 |
|a Natural history
|v Encyclopedias
|v Early works to 1800.
|
| 655 |
|
7 |
|a Engravings.
|2 lcgft
|0 http://id.loc.gov/authorities/genreForms/gf2017027232
|
| 655 |
|
7 |
|a Picture dictionaries.
|2 lcgft
|0 http://id.loc.gov/authorities/genreForms/gf2014026146
|
| 700 |
1 |
|
|a Bénard, Robert,
|d 1734-
|e illustrator,
|e engraver.
|0 http://id.loc.gov/authorities/names/n2005055169
|
| 700 |
1 |
|
|a Agasse, Henri,
|d 1752-1813,
|e publisher,
|e printer,
|e bookseller.
|0 http://id.loc.gov/authorities/names/no2009164687
|
| 730 |
0 |
|
|a Encyclopédie méthodique.
|0 http://id.loc.gov/authorities/names/n86853942
|
| 994 |
|
|
|a C0
|b TXA
|
| 999 |
f |
f |
|s fb162d36-22cb-3911-a8b0-8c19174fe8ec
|i 734db843-eb20-3bf5-b288-ea3604d479be
|t 0
|
| 952 |
f |
f |
|p noncirc
|a Texas A&M University
|b College Station
|c Cushing Memorial Library & Archives
|d Cushing: Rare Books (Does not check out)
|t 0
|e AE25 .E5 t.10:plates
|h Library of Congress classification
|i unmediated -- volume
|m A14851943978
|
| 998 |
f |
f |
|a AE25 .E5 t.10:plates
|t 0
|l Cushing: Rare Books (Does not check out)
|